[Event "CYCC U14"]
[Site "Ottawa CAN"]
[Date "2007.07.03"]
[Round "1"]
[White "Rakov, Pavel"]
[Black "Hum, Jeffrey"]
[Result "1-0"]
[WhiteElo "1892"]
[BlackElo "1133"]
[PlyCount "71"]
[GameId "2160767910659176"]
[EventDate "2007.07.03"]
[EventType "swiss"]
[EventRounds "7"]
[EventCountry "CAN"]
[SourceTitle "EXT 2022"]
[Source "ChessBase"]
[SourceDate "2021.10.06"]
[SourceVersion "1"]
[SourceVersionDate "2021.10.06"]
[SourceQuality "1"]

1. e4 e5 2. Nf3 Nc6 3. Bb5 Nf6 4. O-O d5 5. Nxe5 Qd6 6. d4 dxe4 7. Bf4 Qd5 8. Nc3 Qe6 9. d5 Qf5 10. dxc6 bxc6 11. Bxc6+ Bd7 12. Nxd7 Nxd7 13. Bxa8 Qxf4 14. Bc6 Bd6 15. g3 Qf5 16. Bxd7+ Qxd7 17. Nxe4 O-O 18. Nxd6 Qxd6 19. Qxd6 cxd6 20. Rad1 Rd8 21. Rd2 g6 22. Rfd1 Rb8 23. b3 Rd8 24. Rxd6 Rc8 25. Rd8+ Rxd8 26. Rxd8+ Kg7 27. c4 Kf6 28. c5 Ke7 29. Rd1 a5 30. c6 Kf6 31. c7 Kg7 32. c8=Q Kh6 33. Rd5 Kg7 34. Qc7 Kh6 35. Qxf7 g5 36. Rd6# 1-0

[Event "CYCC U14"]
[Site "Ottawa CAN"]
[Date "2007.07.03"]
[Round "1"]
[White "Shaikh, Zeeshan"]
[Black "Raymer, Elliot"]
[Result "0-1"]
[WhiteElo "1337"]
[BlackElo "1827"]
[PlyCount "50"]
[GameId "2160767910659177"]
[EventDate "2007.07.03"]
[EventType "swiss"]
[EventRounds "7"]
[EventCountry "CAN"]
[SourceTitle "EXT 2022"]
[Source "ChessBase"]
[SourceDate "2021.10.06"]
[SourceVersion "1"]
[SourceVersionDate "2021.10.06"]
[SourceQuality "1"]

1. e4 e5 2. Nf3 Nc6 3. Bb5 a6 4. Ba4 Nf6 5. Nc3 b5 6. Bb3 Be7 7. d3 d6 8. O-O Bg4 9. h3 Bh5 10. Bg5 Nd4 11. Bxf6 Nxf3+ 12. gxf3 Bxf6 13. Kh1 Bh4 14. Rg1 Bxf2 15. Rxg7 Qf6 16. Kg2 Qxg7+ 17. Kxf2 Rg8 18. Nd5 Qg2+ 19. Ke3 Kd8 20. Qe1 Qxf3+ 21. Kd2 Rg2+ 22. Kc3 Qf2 23. Ne3 Rb8 24. Nxg2 b4+ 25. Kc4 Qd4# 0-1

[Event "CYCC U14"]
[Site "Ottawa CAN"]
[Date "2007.07.03"]
[Round "1"]
[White "Szalay, Karoly"]
[Black "Wang, Jerry ZS"]
[Result "1-0"]
[WhiteElo "2174"]
[BlackElo "1577"]
[PlyCount "119"]
[GameId "2160767910659178"]
[EventDate "2007.07.03"]
[EventType "swiss"]
[EventRounds "7"]
[EventCountry "CAN"]
[SourceTitle "EXT 2022"]
[Source "ChessBase"]
[SourceDate "2021.10.06"]
[SourceVersion "1"]
[SourceVersionDate "2021.10.06"]
[SourceQuality "1"]

1. e4 e5 2. Nf3 Nc6 3. Bb5 a6 4. Ba4 Nf6 5. O-O Be7 6. Re1 b5 7. Bb3 d6 8. c3 O-O 9. d3 Na5 10. Bc2 c5 11. a4 Bb7 12. d4 Qc7 13. Qe2 Bc6 14. Nbd2 Bd7 15. d5 Nb7 16. Nf1 c4 17. Be3 Ng4 18. h3 Nxe3 19. Nxe3 Nc5 20. Kh2 g6 21. g4 f6 22. Rg1 Rae8 23. Nf1 Rf7 24. Ng3 Ref8 25. Qe3 Rg7 26. Qh6 Be8 27. Nh4 Bd8 28. axb5 axb5 29. Ra8 Nb7 30. Raa1 g5 31. Ngf5 gxh4 32. Nxg7 Qxg7 33. Qxh4 Qg5 34. Qg3 Qd2 35. Rac1 Bb6 36. Kg2 Bg6 37. Qf3 Nc5 38. Rgd1 Qg5 39. Kg3 h5 40. Rb1 Ra8 41. Ra1 Re8 42. Kh2 hxg4 43. hxg4 Kg7 44. Kg2 Rh8 45. Rh1 Rxh1 46. Rxh1 Bh7 47. Bb1 Qg6 48. Qh3 Na4 49. f4 Kg8 50. g5 fxg5 51. Qc8+ Kg7 52. Qd7+ Kg8 53. f5 Qg7 54. Qe8+ Qf8 55. Qxb5 Qa8 56. Qd7 Qa7 57. Qe8+ Kg7 58. f6+ Kxf6 59. Qf8+ Qf7 60. Rf1+ 1-0

[Event "CYCC U14"]
[Site "Ottawa CAN"]
[Date "2007.07.03"]
[Round "2"]
[White "Chamoun, Thomas"]
[Black "Blair, Michael"]
[Result "1/2-1/2"]
[WhiteElo "1664"]
[BlackElo "1470"]
[PlyCount "80"]
[GameId "2160767910659179"]
[EventDate "2007.07.03"]
[EventType "swiss"]
[EventRounds "7"]
[EventCountry "CAN"]
[SourceTitle "EXT 2022"]
[Source "ChessBase"]
[SourceDate "2021.10.06"]
[SourceVersion "1"]
[SourceVersionDate "2021.10.06"]
[SourceQuality "1"]

1. e4 Nc6 2. Nf3 d6 3. Nc3 Nf6 4. d4 Bg4 5. Bb5 a6 6. Bxc6+ bxc6 7. h3 Bxf3 8. Qxf3 g6 9. e5 dxe5 10. Qxc6+ Nd7 11. dxe5 Bg7 12. e6 fxe6 13. Qxe6 Bxc3+ 14. bxc3 Nb6 15. Qc6+ Qd7 16. Qxd7+ Kxd7 17. O-O Rhd8 18. Rd1+ Kc6 19. Bg5 Nd5 20. Rd3 Nf6 21. Rad1 Rd6 22. Rd4 Rad8 23. Rc4+ Kb7 24. Rb4+ Kc8 25. Rdb1 Rd1+ 26. Kh2 Rxb1 27. Rxb1 Rd5 28. Be3 Ra5 29. Rb2 Nd5 30. Bd4 Ra3 31. c4 Nc3 32. Rb3 Rxb3 33. axb3 Na2 34. Bc5 Kd7 35. Kg3 Nc3 36. Kf3 e6 37. Bd4 Na2 38. Bc5 Kc6 39. Ba3 Nc3 40. Bb2 Na2 1/2-1/2

[Event "CYCC U14"]
[Site "Ottawa CAN"]
[Date "2007.07.03"]
[Round "2"]
[White "Gibson, Kevin"]
[Black "Szalay, Karoly"]
[Result "1/2-1/2"]
[WhiteElo "1925"]
[BlackElo "2174"]
[PlyCount "154"]
[GameId "2160767910659180"]
[EventDate "2007.07.03"]
[EventType "swiss"]
[EventRounds "7"]
[EventCountry "CAN"]
[SourceTitle "EXT 2022"]
[Source "ChessBase"]
[SourceDate "2021.10.06"]
[SourceVersion "1"]
[SourceVersionDate "2021.10.06"]
[SourceQuality "1"]

1. d4 d5 2. c4 e6 3. Nf3 c6 4. e3 Nf6 5. Nc3 Nbd7 6. Bd3 Bd6 7. O-O dxc4 8. Bxc4 b5 9. Bd3 a6 10. Qc2 Bb7 11. Ne4 Nxe4 12. Bxe4 Rc8 13. b3 Nf6 14. Nd2 Nxe4 15. Nxe4 c5 16. Nxd6+ Qxd6 17. dxc5 Rxc5 18. Qe2 Qc6 19. Qg4 b4 20. Qxg7 Rf8 21. f3 f6 22. Qxh7 Rg5 23. e4 Rf7 24. Qh8+ Rf8 25. Qh4 Rg7 26. Be3 Rfg8 27. Qf2 Rxg2+ 28. Qxg2 Rxg2+ 29. Kxg2 Qc2+ 30. Bf2 a5 31. Rfc1 Qb2 32. Rcb1 Qe5 33. Bg3 Qc3 34. Rc1 Qb2+ 35. Bf2 f5 36. Re1 fxe4 37. fxe4 Qg7+ 38. Bg3 Bxe4+ 39. Rxe4 Qxa1 40. Rxe6+ Kf7 41. Re2 Qd1 42. Rf2+ Kg6 43. Kh3 Qd5 44. Bf4 Qe4 45. Bg3 Qh1 46. Bf4 Kh5 47. Bg3 Qb1 48. Kg2 Qe4+ 49. Kh3 Qe6+ 50. Kg2 Qd7 51. Re2 Qd5+ 52. Kh3 Qd1 53. Rf2 Qg1 54. Rf5+ Kg6 55. Rf2 Kg5 56. Bf4+ Kh5 57. Bg3 Kg5 58. Bf4+ Kf5 59. Bg3+ Ke4 60. Rf4+ Kd3 61. Rf2 Qd1 62. Kg2 Qh5 63. h3 Qd5+ 64. Kh2 Ke3 65. Rg2 a4 66. bxa4 Qa8 67. Rf2 Qxa4 68. Rg2 Qd7 69. Rf2 Qd1 70. Rg2 Qf1 71. Rf2 Qd1 72. Rg2 Kd3 73. Rf2 Ke4 74. Rg2 Kf5 75. Rf2+ Kg5 76. Rg2 Qf3 77. Rf2 Qd3 1/2-1/2

[Event "CYCC U14"]
[Site "Ottawa CAN"]
[Date "2007.07.03"]
[Round "2"]
[White "Green, Aaron"]
[Black "Abdulla, Adil"]
[Result "1-0"]
[WhiteElo "1510"]
[BlackElo "1396"]
[PlyCount "103"]
[GameId "2160767910659181"]
[EventDate "2007.07.03"]
[EventType "swiss"]
[EventRounds "7"]
[EventCountry "CAN"]
[SourceTitle "EXT 2022"]
[Source "ChessBase"]
[SourceDate "2021.10.06"]
[SourceVersion "1"]
[SourceVersionDate "2021.10.06"]
[SourceQuality "1"]

1. e4 e5 2. Nf3 Nc6 3. Bb5 d6 4. d4 a6 5. Bxc6+ bxc6 6. dxe5 Bg4 7. exd6 cxd6 8. O-O Nf6 9. Re1 Be7 10. h3 Bd7 11. Nc3 O-O 12. Bf4 Ne8 13. Qd2 h6 14. Rad1 g5 15. Bh2 g4 16. hxg4 Bxg4 17. Qxh6 Bxf3 18. gxf3 Bg5 19. Qh3 Kg7 20. f4 Be7 21. Kf1 Rh8 22. Qg2+ Kf8 23. Ke2 Qc8 24. Bg3 Rg8 25. Qf3 Rb8 26. b3 Bf6 27. Nb1 Qe6 28. Rg1 Rb4 29. Nd2 d5 30. e5 Be7 31. Bh2 Rxg1 32. Rxg1 f5 33. Qh3 Ng7 34. Qh8+ Qg8 35. Qxg8+ Kxg8 36. c3 Rb8 37. Nf3 Kf8 38. Nd4 Rc8 39. Rg6 c5 40. Rc6 Rd8 41. Ne6+ Nxe6 42. Rxe6 d4 43. cxd4 cxd4 44. Rxa6 d3+ 45. Kd1 Bh4 46. Bg3 Bxg3 47. fxg3 Ke7 48. Rd6 Rxd6 49. exd6+ Kxd6 50. Kd2 Kd5 51. Kxd3 Ke6 52. a4 1-0

[Event "CYCC U14"]
[Site "Ottawa CAN"]
[Date "2007.07.03"]
[Round "2"]
[White "Hum, Jeffrey"]
[Black "Labrador, Jhoyner"]
[Result "0-1"]
[WhiteElo "1127"]
[BlackElo "1533"]
[PlyCount "66"]
[GameId "2160767910659182"]
[EventDate "2007.07.03"]
[EventType "swiss"]
[EventRounds "7"]
[EventCountry "CAN"]
[SourceTitle "EXT 2022"]
[Source "ChessBase"]
[SourceDate "2021.10.06"]
[SourceVersion "1"]
[SourceVersionDate "2021.10.06"]
[SourceQuality "1"]

1. e4 c5 2. Bc4 d6 3. Nf3 Bg4 4. O-O Nf6 5. h3 Bh5 6. Nc3 e6 7. Be2 Bg6 8. e5 Nd5 9. Nxd5 exd5 10. c4 d4 11. d3 Be7 12. Nh2 dxe5 13. Bf3 Qc7 14. Qb3 Nc6 15. Ng4 f5 16. Nh2 e4 17. Be2 O-O 18. g3 Bd6 19. dxe4 fxe4 20. Bd1 d3 21. Qc3 Be5 22. Qa3 Bd4 23. Be3 Bxe3 24. fxe3 Qxg3+ 25. Kh1 Rxf1+ 26. Nxf1 Qxh3+ 27. Kg1 Rf8 28. Nd2 Qxe3+ 29. Kh1 Qe1+ 30. Kg2 Qxd2+ 31. Kg1 Qe3+ 32. Kg2 Rf2+ 33. Kg1 Qe1# 0-1

[Event "CYCC U14"]
[Site "Ottawa CAN"]
[Date "2007.07.03"]
[Round "2"]
[White "MacKinnon, Keith"]
[Black "Xiong, Jerry"]
[Result "1/2-1/2"]
[WhiteElo "1994"]
[BlackElo "2151"]
[PlyCount "110"]
[GameId "2160767910659184"]
[EventDate "2007.07.03"]
[EventType "swiss"]
[EventRounds "7"]
[EventCountry "CAN"]
[SourceTitle "EXT 2022"]
[Source "ChessBase"]
[SourceDate "2021.10.06"]
[SourceVersion "1"]
[SourceVersionDate "2021.10.06"]
[SourceQuality "1"]

1. e4 c5 2. Nf3 d6 3. d4 cxd4 4. Nxd4 Nf6 5. Nc3 g6 6. Be3 Bg7 7. f3 O-O 8. Qd2 Nc6 9. Bc4 Bd7 10. O-O-O Rb8 11. Nxc6 bxc6 12. Bxa7 Rb7 13. Be3 Be6 14. Qe2 Qa5 15. Bb3 Rfb8 16. Nb1 c5 17. Bd2 Qb6 18. Bc3 Bxb3 19. axb3 Ra8 20. Kd2 e5 21. Ke1 Re7 22. Kf1 Qc6 23. g3 Rd8 24. Kg2 d5 25. Rhe1 d4 26. Bd2 Ne8 27. Na3 Red7 28. Ba5 Ra8 29. Nc4 Nd6 30. Bd2 Nb5 31. Ra1 Rb8 32. Qd3 Qe6 33. Ra4 f5 34. f4 exf4 35. Bxf4 Re8 36. Nd2 Nc7 37. Qc4 Qxc4 38. bxc4 Ne6 39. Kf2 d3 40. c3 Nxf4 41. gxf4 fxe4 42. Ke3 Bd4+ 43. cxd4 cxd4+ 44. Kf2 e3+ 45. Kf3 exd2 46. Rxe8+ Kf7 47. Ra1 Kxe8 48. Rd1 Re7 49. Rxd2 Re3+ 50. Kf2 Kd7 51. b4 Kc6 52. Ra2 Kb6 53. Rd2 h6 54. Ra2 Re7 55. Rd2 Rc7 1/2-1/2

[Event "CYCC U14"]
[Site "Ottawa CAN"]
[Date "2007.07.03"]
[Round "2"]
[White "Mai, Lloyd"]
[Black "Keith-Jacques, Liam"]
[Result "1-0"]
[WhiteElo "2270"]
[BlackElo "1982"]
[PlyCount "51"]
[GameId "2160767910659185"]
[EventDate "2007.07.03"]
[EventType "swiss"]
[EventRounds "7"]
[EventCountry "CAN"]
[SourceTitle "EXT 2022"]
[Source "ChessBase"]
[SourceDate "2021.10.06"]
[SourceVersion "1"]
[SourceVersionDate "2021.10.06"]
[SourceQuality "1"]

1. e4 c5 2. Nf3 d6 3. d4 cxd4 4. Nxd4 Nf6 5. Nc3 a6 6. f4 e5 7. Nf3 Qc7 8. Bd3 b5 9. O-O Bb7 10. a3 Nbd7 11. Qe1 Be7 12. Kh1 O-O 13. Nh4 Rfe8 14. fxe5 Nxe5 15. Nf5 Bf8 16. Bg5 Nfd7 17. Qg3 Nb6 18. Rae1 Kh8 19. Nh6 f6 20. Bxf6 Re6 21. Bxe5 dxe5 22. Nf7+ Kg8 23. Nd5 Qc6 24. Ng5 Rg6 25. Rxf8+ Kxf8 26. Rf1+ 1-0

[Event "CYCC U14"]
[Site "Ottawa CAN"]
[Date "2007.07.03"]
[Round "2"]
[White "Parker, Dylan"]
[Black "Shaikh, Zeeshan"]
[Result "1-0"]
[WhiteElo "1434"]
[BlackElo "1337"]
[PlyCount "59"]
[GameId "2160767910659186"]
[EventDate "2007.07.03"]
[EventType "swiss"]
[EventRounds "7"]
[EventCountry "CAN"]
[SourceTitle "EXT 2022"]
[Source "ChessBase"]
[SourceDate "2021.10.06"]
[SourceVersion "1"]
[SourceVersionDate "2021.10.06"]
[SourceQuality "1"]

1. e4 e5 2. Nf3 Nc6 3. Nc3 Nf6 4. Bb5 a6 5. Ba4 b5 6. Bb3 Bb4 7. O-O O-O 8. d3 Bxc3 9. bxc3 Bb7 10. Bg5 h6 11. Bh4 Qe7 12. Qd2 b4 13. cxb4 Nxb4 14. Bxf6 Qxf6 15. Qxb4 d6 16. Qxb7 Rfc8 17. Qd5 c6 18. Qa5 Rcb8 19. Rab1 Rb5 20. Qc7 c5 21. Bd5 Rab8 22. Rxb5 Rxb5 23. Qc8+ Kh7 24. Qxa6 Rb2 25. Bb3 d5 26. Qxf6 gxf6 27. exd5 Kg6 28. d6 Kg7 29. d7 Kf8 30. d8=Q+ 1-0

[Event "CYCC U14"]
[Site "Ottawa CAN"]
[Date "2007.07.03"]
[Round "2"]
[White "Raymer, Elliot"]
[Black "Calugar, Arthur"]
[Result "0-1"]
[WhiteElo "1827"]
[BlackElo "2076"]
[PlyCount "81"]
[GameId "2160767910659187"]
[EventDate "2007.07.03"]
[EventType "swiss"]
[EventRounds "7"]
[EventCountry "CAN"]
[SourceTitle "EXT 2022"]
[Source "ChessBase"]
[SourceDate "2021.10.06"]
[SourceVersion "1"]
[SourceVersionDate "2021.10.06"]
[SourceQuality "1"]

1. e4 c5 2. d4 cxd4 3. c3 dxc3 4. Nxc3 Nc6 5. Nf3 e6 6. Bc4 a6 7. Qe2 d6 8. O-O Nge7 9. Rd1 Ng6 10. g3 Be7 11. h4 Nce5 12. Nxe5 Nxe5 13. Bf4 Qc7 14. Bxe5 dxe5 15. Rac1 Qa5 16. Qh5 O-O 17. g4 Rd8 18. g5 b5 19. Bb3 Bb7 20. Qg4 Qb6 21. h5 g6 22. hxg6 hxg6 23. Qh4 Rxd1+ 24. Rxd1 Rd8 25. Rf1 b4 26. Kg2 Bf8 27. Rh1 Bg7 28. Nd1 Rd4 29. Bc2 Rd2 30. Bb1 Qd4 31. Qg4 Bc6 32. Qf3 Bb5 33. Ne3 Re2 34. Qh3 Rxb2 35. Qh4 Bd3 36. Ng4 Qxe4+ 37. Kg3 Rxb1 38. Nf6+ Bxf6 39. Qh7+ Kf8 40. gxf6 Qf4+ 41. Kg2 0-1

[Event "CYCC U14"]
[Site "Ottawa CAN"]
[Date "2007.07.03"]
[Round "2"]
[White "Sapozhnikov, Roman"]
[Black "Fan, Brendan"]
[Result "0-1"]
[WhiteElo "2200"]
[BlackElo "1914"]
[PlyCount "88"]
[GameId "2160767910659188"]
[EventDate "2007.07.03"]
[EventType "swiss"]
[EventRounds "7"]
[EventCountry "CAN"]
[SourceTitle "EXT 2022"]
[Source "ChessBase"]
[SourceDate "2021.10.06"]
[SourceVersion "1"]
[SourceVersionDate "2021.10.06"]
[SourceQuality "1"]

1. c4 Nf6 2. Nc3 e6 3. e4 d6 4. d4 Be7 5. Bd3 Nbd7 6. f4 e5 7. d5 Nc5 8. Bc2 a5 9. b3 Bg4 10. Nf3 exf4 11. h3 Bxf3 12. Qxf3 g5 13. h4 Nfd7 14. hxg5 Ne5 15. Qh3 Bxg5 16. O-O Qf6 17. Qf5 Qxf5 18. exf5 Bf6 19. Bxf4 Kd7 20. Rad1 Nxc4 21. bxc4 Bxc3 22. f6 Rae8 23. Bh6 Re2 24. Bf5+ Kd8 25. Bg4 Re4 26. Bg7 Rg8 27. Bf5 Rxc4 28. Bxh7 Re8 29. Rf3 b5 30. Rg3 b4 31. Rf1 Rh4 32. Rh3 Rxh3 33. gxh3 Re2 34. Rf3 Rxa2 35. Bf8 Ke8 36. Be7 Nd7 37. h4 Bd4+ 38. Kh1 Be5 39. Kg1 Rh2 40. Bd3 b3 41. Bf1 b2 42. Rb3 Rxh4 43. Bb5 Rb4 44. Rxb4 axb4 0-1

[Event "CYCC U14"]
[Site "Ottawa CAN"]
[Date "2007.07.03"]
[Round "2"]
[White "Wang, Jerry ZS"]
[Black "Poulin, Mathieu"]
[Result "1-0"]
[WhiteElo "1677"]
[BlackElo "1107"]
[PlyCount "155"]
[GameId "2160767910659189"]
[EventDate "2007.07.03"]
[EventType "swiss"]
[EventRounds "7"]
[EventCountry "CAN"]
[SourceTitle "EXT 2022"]
[Source "ChessBase"]
[SourceDate "2021.10.06"]
[SourceVersion "1"]
[SourceVersionDate "2021.10.06"]
[SourceQuality "1"]

1. e4 e5 2. Nf3 Nf6 3. Nxe5 d6 4. Nf3 Nxe4 5. d4 d5 6. Bd3 Be7 7. O-O O-O 8. c4 Nf6 9. Nc3 Nc6 10. h3 Nb4 11. Bf4 Nxd3 12. Qxd3 dxc4 13. Qxc4 c6 14. Rad1 Be6 15. Qd3 Nd5 16. Nxd5 Bxd5 17. a3 Bf6 18. Nh2 Re8 19. Rfe1 Rxe1+ 20. Rxe1 Qb6 21. Be3 Re8 22. Re2 Be4 23. Qc4 Bd5 24. Qc3 Qb5 25. Re1 Qc4 26. Ng4 Re6 27. Nxf6+ gxf6 28. Qxc4 Bxc4 29. Bd2 Bd5 30. f4 f5 31. Kf2 Rg6 32. g3 Re6 33. Re5 Rxe5 34. fxe5 Kf8 35. Bh6+ Ke7 36. Bg7 Ke6 37. Ke3 Be4 38. Kf4 Bc2 39. Kg5 Bd3 40. h4 Bc2 41. Bf6 Bd3 42. h5 Be2 43. Kh6 Bd3 44. Kg7 Bc2 45. Bh4 c5 46. dxc5 Kxe5 47. Kxh7 f4+ 48. Kg7 f3 49. g4 Kf4 50. Bf2 Kxg4 51. h6 Kh3 52. Kxf7 Kg2 53. Be3 f2 54. Bxf2 Kxf2 55. b4 a6 56. a4 Ke3 57. b5 axb5 58. axb5 Kd4 59. c6 b6 60. c7 Bf5 61. Kg7 Kc5 62. h7 Kxb5 63. h8=Q Ka4 64. Kf6 Bd7 65. c8=Q Bxc8 66. Qxc8 b5 67. Qc1 b4 68. Qb1 Kb5 69. Ke5 Kc4 70. Ke4 Kc5 71. Kd3 Kb5 72. Kd4 Ka4 73. Kc4 Ka5 74. Qxb4+ Ka6 75. Qb5+ Ka7 76. Kc5 Ka8 77. Kc6 Ka7 78. Qb7# 1-0

[Event "CYCC U14"]
[Site "Ottawa CAN"]
[Date "2007.07.03"]
[Round "2"]
[White "Wu, Yilun"]
[Black "Izquierdo, Felipe"]
[Result "1-0"]
[WhiteElo "1715"]
[BlackElo "1375"]
[PlyCount "71"]
[GameId "2160767910659190"]
[EventDate "2007.07.03"]
[EventType "swiss"]
[EventRounds "7"]
[EventCountry "CAN"]
[SourceTitle "EXT 2022"]
[Source "ChessBase"]
[SourceDate "2021.10.06"]
[SourceVersion "1"]
[SourceVersionDate "2021.10.06"]
[SourceQuality "1"]

1. c4 e6 2. Nc3 Nf6 3. Nf3 d5 4. cxd5 Nxd5 5. g3 Nc6 6. Bg2 Nf6 7. d3 h6 8. O-O Be7 9. Bf4 Ng4 10. Qa4 h5 11. h3 Nh6 12. Ne5 Bd7 13. Nxc6 Rb8 14. Nxd8 Bxa4 15. Nxe6 Bd6 16. Nxg7+ Ke7 17. Bxd6+ cxd6 18. Nxa4 Kf6 19. Nxh5+ Kg5 20. Nf4 Nf5 21. Rac1 Rbc8 22. Bxb7 Rb8 23. Bd5 Rb4 24. b3 Rxf4 25. gxf4+ Kxf4 26. Rc4+ Ke5 27. Bxf7 Rxh3 28. Re4+ Kf6 29. Be6 Rh5 30. Bxf5 Kxf5 31. Kg2 d5 32. Rd4 Rg5+ 33. Kh3 Ke5 34. e3 Rg8 35. Nc3 Rh8+ 36. Rh4 1-0

[Event "CYCC U14"]
[Site "Ottawa CAN"]
[Date "2007.07.04"]
[Round "3"]
[White "Abdulla, Adil"]
[Black "Jankiewicz, Skyler"]
[Result "1-0"]
[WhiteElo "1396"]
[BlackElo "1295"]
[PlyCount "96"]
[GameId "2160767910659191"]
[EventDate "2007.07.03"]
[EventType "swiss"]
[EventRounds "7"]
[EventCountry "CAN"]
[SourceTitle "EXT 2022"]
[Source "ChessBase"]
[SourceDate "2021.10.06"]
[SourceVersion "1"]
[SourceVersionDate "2021.10.06"]
[SourceQuality "1"]

1. d4 Nc6 2. b3 Nf6 3. Bb2 d6 4. e3 e5 5. Nd2 exd4 6. exd4 Qe7+ 7. Qe2 Qxe2+ 8. Bxe2 Bg4 9. O-O-O Bxe2 10. Nxe2 O-O-O 11. Nc4 Re8 12. Nf4 g6 13. d5 Nb4 14. Bxf6 Rg8 15. a3 Na6 16. b4 Bh6 17. g3 Bxf4+ 18. gxf4 Re4 19. Rd4 Rge8 20. Nd2 Re1+ 21. Rxe1 Rxe1+ 22. Kb2 Re2 23. Ne4 c5 24. Nxd6+ Kd7 25. bxc5 Nxc5 26. Nxf7 Rxf2 27. Ne5+ Ke8 28. d6 Nd7 29. Nxd7 Kxd7 30. h4 Rf3 31. c4 Rf2+ 32. Kb3 Rf1 33. c5 Rb1+ 34. Ka4 a6 35. Rb4 Rxb4+ 36. axb4 Kc6 37. Bg5 Kd7 38. b5 Ke6 39. bxa6 bxa6 40. Ka5 Kd7 41. Kxa6 Kc6 42. Ka5 Kd7 43. Kb6 h5 44. c6+ Ke8 45. d7+ Kf7 46. d8=Q Kg7 47. c7 Kh7 48. c8=R Kg7 1-0

[Event "CYCC U14"]
[Site "Ottawa CAN"]
[Date "2007.07.04"]
[Round "3"]
[White "Blair, Michael"]
[Black "Parker, Dylan"]
[Result "1/2-1/2"]
[WhiteElo "1470"]
[BlackElo "1434"]
[PlyCount "106"]
[GameId "2160767910659192"]
[EventDate "2007.07.03"]
[EventType "swiss"]
[EventRounds "7"]
[EventCountry "CAN"]
[SourceTitle "EXT 2022"]
[Source "ChessBase"]
[SourceDate "2021.10.06"]
[SourceVersion "1"]
[SourceVersionDate "2021.10.06"]
[SourceQuality "1"]

1. Nf3 Nc6 2. e4 e5 3. Bb5 a6 4. Bxc6 dxc6 5. d4 exd4 6. Qxd4 Qxd4 7. Nxd4 Bd6 8. O-O Nf6 9. e5 Bc5 10. Nb3 Nd7 11. Nxc5 Nxc5 12. Be3 Nd7 13. f4 Nb6 14. Nc3 Bf5 15. Bxb6 cxb6 16. Rac1 O-O-O 17. h3 Rd2 18. Rf2 Rxf2 19. Kxf2 h5 20. Kf3 Kc7 21. Ne2 Be6 22. Nd4 Bd5+ 23. Kf2 Rd8 24. Ne2 Be6 25. Ke1 a5 26. b3 b5 27. Rd1 Bd5 28. g4 Bg2 29. Rxd8 Kxd8 30. Ng1 h4 31. Kf2 Be4 32. c3 b4 33. Ne2 Bb1 34. cxb4 axb4 35. Nc1 g6 36. Ke3 c5 37. Nd3 Bxa2 38. Nxc5 b6 39. Nb7+ Kc7 40. Nd6 Bxb3 41. Kd3 Bd5 42. f5 gxf5 43. Nxf5 Bg2 44. Nxh4 Bxh3 45. g5 b3 46. Kc3 Be6 47. Ng2 b5 48. Nf4 Bc4 49. g6 fxg6 50. Nxg6 Kd7 51. Kb2 Ke6 52. Nf4+ Kxe5 53. Nh3 Bf1 1/2-1/2

[Event "CYCC U14"]
[Site "Ottawa CAN"]
[Date "2007.07.04"]
[Round "3"]
[White "Calugar, Arthur"]
[Black "Mai, Lloyd"]
[Result "0-1"]
[WhiteElo "2076"]
[BlackElo "2270"]
[PlyCount "96"]
[GameId "2160767910659193"]
[EventDate "2007.07.03"]
[EventType "swiss"]
[EventRounds "7"]
[EventCountry "CAN"]
[SourceTitle "EXT 2022"]
[Source "ChessBase"]
[SourceDate "2021.10.06"]
[SourceVersion "1"]
[SourceVersionDate "2021.10.06"]
[SourceQuality "1"]

1. b3 e5 2. Bb2 Nc6 3. e3 d5 4. Bb5 Bd6 5. f4 Qh4+ 6. g3 Qe7 7. Nf3 f6 8. fxe5 fxe5 9. Bxc6+ bxc6 10. Nxe5 Nf6 11. d4 O-O 12. Rf1 Bh3 13. Rf4 g5 14. Rf2 Bxe5 15. dxe5 Ng4 16. Ba3 Qxe5 17. Rxf8+ Rxf8 18. Bxf8 Nxe3 19. Qd2 Kxf8 20. Qb4+ Kf7 21. Kd2 Nf1+ 22. Kc1 Qxa1 23. Qc5 Qe5 24. Qxc6 Nxh2 25. Qh6 Qf5 26. Nc3 g4 27. Qc6 Qe5 28. Qd7+ Kg6 29. Qc6+ Kg5 30. Kb1 Bg2 31. Nb5 Nf1 32. Nxc7 Nd2+ 33. Kc1 Ne4 34. Kb1 Nc3+ 35. Kc1 Nxa2+ 36. Kb1 Nc3+ 37. Kc1 Ne2+ 38. Kb1 Nxg3 39. Qd7 Ne4 40. Ne6+ Kh4 41. Qxh7+ Kg3 42. Ng7 a5 43. Nh5+ Kf2 44. Qf7+ Kg1 45. Nf4 Nc3+ 46. Kc1 Qe1+ 47. Kb2 d4 48. b4 Qb1+ 0-1

[Event "CYCC U14"]
[Site "Ottawa CAN"]
[Date "2007.07.04"]
[Round "3"]
[White "Fan, Brendan"]
[Black "Martchenko, Alexander"]
[Result "0-1"]
[WhiteElo "1914"]
[BlackElo "2156"]
[PlyCount "82"]
[GameId "2160767910659194"]
[EventDate "2007.07.03"]
[EventType "swiss"]
[EventRounds "7"]
[EventCountry "CAN"]
[SourceTitle "EXT 2022"]
[Source "ChessBase"]
[SourceDate "2021.10.06"]
[SourceVersion "1"]
[SourceVersionDate "2021.10.06"]
[SourceQuality "1"]

1. e4 c5 2. Nc3 d6 3. f4 Nc6 4. Nf3 g6 5. Bc4 Bg7 6. O-O e6 7. d3 Nge7 8. Qe1 O-O 9. f5 d5 10. Bb3 gxf5 11. Qh4 fxe4 12. dxe4 c4 13. Bh6 Nf5 14. Qxd8 Rxd8 15. Bg5 Nfe7 16. Ba4 f6 17. Be3 d4 18. Nd2 dxe3 19. Nxc4 Nd4 20. Nxe3 a6 21. Rad1 b5 22. Bb3 Bb7 23. Ng4 Nxb3 24. axb3 f5 25. exf5 exf5 26. Rde1 Rd7 27. Ne3 Bxc3 28. bxc3 Be4 29. g4 Rf8 30. Nxf5 Bxf5 31. gxf5 Rxf5 32. Re6 Rxf1+ 33. Kxf1 Ra7 34. Ke2 a5 35. Kd2 a4 36. Kc1 Nd5 37. Rc6 a3 38. Kb1 a2+ 39. Ka1 Ne3 40. Rc8+ Kf7 41. Rc7+ Rxc7 0-1

[Event "CYCC U14"]
[Site "Ottawa CAN"]
[Date "2007.07.04"]
[Round "3"]
[White "Izquierdo, Felipe"]
[Black "Chamoun, Thomas"]
[Result "0-1"]
[WhiteElo "1375"]
[BlackElo "1664"]
[PlyCount "99"]
[GameId "2160767910659195"]
[EventDate "2007.07.03"]
[EventType "swiss"]
[EventRounds "7"]
[EventCountry "CAN"]
[SourceTitle "EXT 2022"]
[Source "ChessBase"]
[SourceDate "2021.10.06"]
[SourceVersion "1"]
[SourceVersionDate "2021.10.06"]
[SourceQuality "1"]

1. e4 e6 2. d4 d5 3. Nc3 dxe4 4. Nxe4 Nd7 5. Nf3 Ngf6 6. Nxf6+ Nxf6 7. Bg5 h6 8. Bh4 Be7 9. Bd3 O-O 10. c4 Bb4+ 11. Ke2 Be7 12. Re1 Nh5 13. Bxe7 Qxe7 14. Kf1 Nf4 15. Bc2 Rd8 16. g3 Nh5 17. Qd3 Nf6 18. h4 g6 19. Nh2 Qd6 20. Nf3 c5 21. Rad1 Qc7 22. Qe3 Ng4 23. Qc3 cxd4 24. Rxd4 Rxd4 25. Qxd4 e5 26. Nxe5 Nxe5 27. Rxe5 Bh3+ 28. Kg1 Rd8 29. Rd5 Rxd5 30. Qxd5 Be6 31. Qd4 Qxc4 32. Qxc4 Bxc4 33. a3 Kg7 34. Kg2 Bd5+ 35. Kf1 Kf6 36. Ke2 Ke5 37. Ke3 f5 38. b4 Be4 39. Bxe4 fxe4 40. a4 Kd5 41. b5 b6 42. g4 g5 43. h5 Ke5 44. f3 exf3 45. Kxf3 Kd4 46. Kf2 Ke4 47. Kg3 Ke3 48. Kg2 Kf4 49. Kh3 Kf3 50. a5 0-1